ចិត្តស្មោះ : (Record no. 6562)

MARC details
000 -LEADER
fixed length control field 04556nam a22002297a 4500
001 - CONTROL NUMBER
control field 6562
003 - CONTROL NUMBER IDENTIFIER
control field FISKH
005 - DATE AND TIME OF LATEST TRANSACTION
control field 20250527161013.0
008 - FIXED-LENGTH DATA ELEMENTS--GENERAL INFORMATION
fixed length control field 250509b cb ||||| |||| 00| 0 eng d
040 ## - CATALOGING SOURCE
Original cataloging agency FISKH
Language of cataloging khr
Transcribing agency FISKH
Modifying agency FISKH
082 ## - DEWEY DECIMAL CLASSIFICATION NUMBER
Classification number 800
100 ## - MAIN ENTRY--PERSONAL NAME
Personal name Samnang, Mao
245 ## - TITLE STATEMENT
Title ចិត្តស្មោះ :
Remainder of title ប្រលោមលោកមនោសញ្ចេតនា​ /
Statement of responsibility, etc. និពន្ធដោយអ្នកស្រី ម៉ៅ​ សំណាង សមាជិកាសមាគមអ្នកនិពន្ធខ្មែរ​
260 ## - PUBLICATION, DISTRIBUTION, ETC.
Place of publication, distribution, etc. ភ្នំពេញ :
Name of publisher, distributor, etc. បណ្ណាល័យ សុរិយារង្សី ,
Date of publication, distribution, etc. ២០០៨​ .
300 ## - PHYSICAL DESCRIPTION
Extent 147 pages :
Other physical details illustrations ;
Dimensions 20 cm .
520 ## - SUMMARY, ETC.
Summary, etc. "ចិត្តស្មោះ" គឺជាប្រលោមលោកស្នេហា ដែលត្រូវបានសរសេរដោយអ្នកនិពន្ធខ្មែរ លោកស្រី ម៉ៅ សំណាង (ឈ្មោះកម្រិត "ទន្សាយ")។ រឿងនេះបង្ហាញពីការតស៊ូ និងការលះបង់របស់តួអង្គស្រីឈ្មោះ ផ្កាកែវ ដែលជាកូនស្រីដែលបានបាត់បង់ឳពុកម្តាយនៅវ័យកុមារ។ បន្ទាប់ពីការប្រឡងបាក់ឌុបជាប់ ផ្កាកែវបានសម្រេចចិត្តបោះបង់ការសិក្សា និងត្រឡប់មកថែទាំជីតា នៅខេត្តបាត់ដំបង។នៅទីនោះ នាងបានជួបប្រទៈនឹងគហបីម្ចាស់ដី វិសុទ្ធសិលា ដែលបានស្នើសុំឲ្យនាងរៀបការជាមួយគាត់ ដើម្បីស្វែងរកការពិតអំពីមរណភាពរបស់បងស្រី និងតម្រុយចិញ្ចៀនពេជ្រមួយវង់។ ដើម្បីស្វែងរកការពិត និងដោះស្រាយបញ្ហានេះ ផ្កាកែវបានប្រើប្រាស់គុណសម្បត្តិផ្ទាល់ខ្លួន ដូចជា ចិត្តស្មោះត្រង់ ទឹកចិត្តល្អ និងភាពស្មោះត្រង់ ដើម្បីឆ្លាក់ចិត្តគហបីម្ចាស់ដី និងបង្កើតទំនាក់ទំនងស្នេហាដែលមានភាពផ្អែមល្អែម។<br/>"ចិត្តស្មោះ" គឺជារឿងដែលបង្ហាញពីស្នេហា ការលះបង់ និងការតស៊ូក្នុងជីវិត ដែលមានការបង្ហាញពីតម្លៃនៃភាពស្មោះត្រង់ និងការអនុវត្តគុណសម្បត្តិផ្ទាល់ខ្លួនក្នុងការដោះស្រាយបញ្ហានានា។<br/><br/><br/><br/>
520 ## - SUMMARY, ETC.
Summary, etc. "Chit Smaoh" is a romantic Khmer novel written by the renowned Cambodian author Mao Samnang, who also writes under the pen name "Tonsay" (Dragonfly). The story centers on the life of a young woman named Phka Keo, who faces hardship and personal sacrifice from an early age after losing both her parents in childhood.<br/><br/>After passing her high school exam (Bac II), Phka Keo makes the difficult decision to give up further education and return to Battambang province to care for her elderly grandfather. There, she encounters Visoth Sela, a wealthy landowner, who proposes marriage to her—not out of love at first, but with the aim of uncovering the truth behind the mysterious death of his sister and a missing diamond ring.<br/><br/>Throughout the story, Phka Keo uses her inner strength, honesty, kindness, and loyalty to gain the trust of Visoth Sela and eventually win his heart. The novel is filled with themes of love, sacrifice, perseverance, and the moral value of sincerity and integrity.<br/><br/>It is both a touching love story and a reflection on the virtues that sustain human relationships in the face of adversity.
650 ## - SUBJECT ADDED ENTRY--TOPICAL TERM
Topical term or geographic name entry element ចិត្តស្មោះ
Form subdivision ប្រលោមលោកមនោសញ្ចេតនា
650 ## - SUBJECT ADDED ENTRY--TOPICAL TERM
Topical term or geographic name entry element Chetsmos
Form subdivision Romance literature
942 ## - ADDED ENTRY ELEMENTS (KOHA)
Source of classification or shelving scheme Dewey Decimal Classification
Koha item type Khmer Books
Suppress in OPAC No
Holdings
Withdrawn status Lost status Source of classification or shelving scheme Damaged status Not for loan Collection Home library Current library Shelving location Date acquired Total Checkouts Full call number Barcode Date last seen Copy number Price effective from Koha item type
    Dewey Decimal Classification     Khmer Language Books / សៀវភៅភាសាខ្មែរ Footprints International School Library Network Toul Tom Poung Campus Footprints International School Library Network Toul Tom Poung Campus TTP Secondary Khmer Bookshelves 05/09/2025   SAM 800 FISSE01639 05/09/2025 1 05/09/2025 Khmer Books
    Dewey Decimal Classification     Khmer Language Books / សៀវភៅភាសាខ្មែរ Footprints International School Library Network Toul Tom Poung Campus Footprints International School Library Network Toul Tom Poung Campus TTP Primary Khmer Bookshelves 05/09/2025   SAM 800 FISSE01760 05/09/2025 2 05/09/2025 Khmer Books